Statistiken für Eishockeyteams in der National League A

Klicken Sie hier um das Quiz zu spielen!

Allgemein

  • Dieses Quiz wurde 40 mal gespielt
  • Das Durchschnittsergebnis liegt bei 9 aus 12

Antwortstatistiken

Answer % Korrekt
SC Bern
100%
ZSC Lions
91%
Genève-Servette HC
84%
EHC Biel
81%
HC Lugano
78%
HC Davos
78%
EV Zug
69%
EHC Kloten
69%
HC Fribourg-Gottéron
66%
SCL Tigers
63%
Lausanne HC
59%
HC Ambri-Piotta
59%

Verteilung der Resultate

Perzentil nach korrekt beantworteten Fragen

Anzahl Personen mit jedem Resultat

Ihre Resultats-Entwicklung

Sie haben dieses Quiz noch nicht gespielt